Word Ladder: Hiding in the Shrubbery Quiz Stats

 Plays Quiz Updated Feb 7, 2012

Support Sporcle.
Go Orange.
Score 0/12 Timer 01:00
0 Plays Today
Clue 4-Letter Word % Correct
Founder of DisneyWALT
97.1%
DesireWANT
93%
Like a rockHARD
92.6%
Potter's weapon of choiceWAND
92.4%
Barley grains used in brewing alcoholMALT
86.4%
An upright post holding sailsMAST
81.8%
Mystery Phrase: A [Rung 1] in the [Rung 4] is worth two in the [Rung 12]◊HAND◊
80.9%
A musical storytellerBARD
78.5%
Mystery Phrase: A [Rung 1] in the [Rung 4] is worth two in the [Rung 12]◊BIRD◊
77%
Mystery Phrase: A [Rung 1] in the [Rung 4] is worth two in the [Rung 12]◊BUSH◊
75%
Iditarod command for 'go!'MUSH
69.3%
Freshly pressed fruit juice, first step in winemakingMUST
56.7%

Today's Daily Dose

You're not logged in!

Compare scores with friends on all Sporcle quizzes.
OR
Log In
Forgot?

From the Vault

Never Relocated (NHL)

by Viktrodriguez

Don't worry, this quiz isn't going anywhere.
Remove Ads.
Support Sporcle.
Get the best of Sporcle when you Go Orange. This ad-free experience offers more features, more stats, and more fun while also helping to support Sporcle. Thank you for becoming a member.

Show Comments

Extras

Top Quizzes Today


Score Distribution

Your Account Isn't Verified!

In order to create a playlist on Sporcle, you need to verify the email address you used during registration. Go to your Sporcle Settings to finish the process.

Report this User

Report this user for behavior that violates our Community Guidelines.

Details: